Library Banner

Pakistan human condition report 2002 (Record no. 84090)

MARC details
000 -LEADER
fixed length control field 00363nam a22001337a 4500
005 - DATE AND TIME OF LATEST TRANSACTION
control field 20160303152044.0
008 - FIXED-LENGTH DATA ELEMENTS--GENERAL INFORMATION
fixed length control field 160303b xxu||||| |||| 00| 0 eng d
040 ## - CATALOGING SOURCE
Transcribing agency PK-LaUMT
082 ## - DEWEY DECIMAL CLASSIFICATION NUMBER
Classification number MMC 954.91
Item number PAK-
245 ## - TITLE STATEMENT
Title Pakistan human condition report 2002
260 ## - PUBLICATION, DISTRIBUTION, ETC. (IMPRINT)
Place of publication, distribution, etc Islamabad
Name of publisher, distributor, etc Centre for research on poverty redution
Date of publication, distribution, etc 2002
300 ## - PHYSICAL DESCRIPTION
Extent 322 p.
942 ## - ADDED ENTRY ELEMENTS (KOHA)
Koha item type Books
Holdings
Withdrawn status Lost status Damaged status Home library Current library Date acquired Full call number Barcode Date last seen Price effective from Koha item type
      UMT Main Campus UMT Main Campus 2016-03-03 MMC 954.91 PAK- 95963 2016-03-03 2016-03-03 Books